Κατάλογος Βιβλιοθηκών Mediterranean College

The Printing Industry / An Introduction to its Many Branches, Processes and Products (Record no. 1822)

MARC details
000 -LEADER
fixed length control field 01261cam a22002174a 4500
005 - ΗΜΕΡΟΜΗΝΙΑ ΚΑΙ ΩΡΑ ΤΕΛΕΥΤΑΙΑΣ ΕΝΗΜΕΡΩΣΗΣ
Πεδίο ελέγχου 20250605164020.0
008 - FIXED-LENGTH DATA ELEMENTS--GENERAL INFORMATION
Πεδίο ελέγχου σταθερού μήκους 250528s ||||||||||||||||||||||||d
035 ## - SYSTEM CONTROL NUMBER
System control number 16310
020 ## - ISBN
ISBN 6726209
040 ## - ΠΗΓΗ ΚΑΤΑΛΟΓΟΓΡΑΦΗΣΗΣ
Φορέας πρωτότυπης καταλογογράφησης MC Athens Campus Library
Γλώσσα καταλογογράφησης Ελληνικά, Μοντέρνα (1453-)
Modifying agency MC Athens Campus Library
Κανόνες περιγραφικής καταλογογράφησης AACR2
245 1# - ΤΙΤΛΟΣ ΚΑΙ ΔΗΛΩΣΗ ΥΠΕΥΘΥΝΟΤΗΤΑΣ
Τίτλος The Printing Industry / An Introduction to its Many Branches, Processes and Products
260 ## - PUBLICATION, DISTRIBUTION, ETC.
Date of publication, distribution, etc. 1967
300 ## - PHYSICAL DESCRIPTION
Extent 816
505 0# - FORMATTED CONTENTS NOTE
Formatted contents note Foreword, Preface, Printing Processes and Methods, Composition for Printing, The Theory and Practice of Full-Color Printing, Graphic Arts Photography, Printing-Image Carriers, Printing Presses, Presswork, Paper and Other Printing Stocks, Printing Inks, Binding and Finishing, Art-and-Copy Preparation, References, Bibliography, Acknowledgements, Index.
520 ## - SUMMARY, ETC.
Summary, etc. Foreword, Preface, Printing Processes and Methods, Composition for Printing, The Theory and Practice of Full-Color Printing, Graphic Arts Photography, Printing-Image Carriers, Printing Presses, Presswork, Paper and Other Printing Stocks, Printing Inks, Binding and Finishing, Art-and-Copy Preparation, References, Bibliography, Acknowledgements, Index.
700 1# - ΠΡΟΣΘΕΤΗ ΑΝΑΓΡΑΦΗ--ΦΥΣΙΚΟ ΠΡΟΣΩΠΟ
Personal name Printing Industries Of America
9 (RLIN) 2386
700 1# - ΠΡΟΣΘΕΤΗ ΑΝΑΓΡΑΦΗ--ΦΥΣΙΚΟ ΠΡΟΣΩΠΟ
Personal name Strauss Victor
9 (RLIN) 2387
942 ## - ADDED ENTRY ELEMENTS (KOHA)
Koha item type Books
Holdings
Τύπος τεκμηρίου Βιβλιοθήκη Τρέχουσα τοποθεσία Barcode Αριθμός εισαγωγής Ημερομηνία απόκτησης Ταξιθετικό σύμβολο Αριθμός αντιτύπου Κατάσταση απόσυρσης Κατάσταση χαμένου Κατάσταση κατεστραμμένου Μη δανεισμός Σύνολο δανεισμών Ημερομηνία τελευταίας εμφάνισης Η τιμή ισχύει από
Books MC Athens Campus Library MC Athens Campus Library 9780000018212 3400 05/06/2025 686 STR 1           05/06/2025 05/06/2025

MC Athens Campus Library
Πατησίων 94 & Κοδριγκτώνος 13, 104 34
Πελλήνης 8 & Πατησίων 107, 112 51
Τ: +30 210 8899600

MC Thessaloniki Campus Library
Ίωνος Δραγούμη 21, 54625 | Ίωνος Δραγούμη 15, 54625
Τ: +30 2310 287779 – Τ: +30 2314 440300